| 000 | 00839cam a22002775a 4500 | ||
|---|---|---|---|
| 001 | 016236050 | ||
| 003 | OSt | ||
| 005 | 20201128023739.0 | ||
| 008 | 121219s2013 enk b 001 0 eng d | ||
| 020 | _a9780230362239 (pbk.) | ||
| 040 |
_aStDuBDS _beng _cStDuBDS _dUk _dEG-ScBUE |
||
| 082 | 0 | 4 |
_a327.101 _222 _bTHE |
| 245 | 0 | 0 |
_aTheories of international relations / _cScott Burchill ... [et al.] |
| 250 | _a5th ed. | ||
| 260 |
_aBasingstoke : _bPalgrave Macmillan, _c2013. |
||
| 300 |
_aix, 388 p. ; _c24 cm. |
||
| 500 | _aPrevious ed.: 2009. | ||
| 500 | _aIndex : p. 358-388. | ||
| 504 | _aBibliography : p. 319-357. | ||
| 650 | 7 |
_aInternational economic relations. _2BUEsh _93036 |
|
| 650 | 7 |
_aPolitical science. _91313 _2BUEsh |
|
| 651 | _2BUEsh | ||
| 653 |
_bBUSBOL _cMay2016 |
||
| 700 | 1 |
_aBurchill, Scott, _d1961- |
|
| 942 | _2ddc | ||
| 999 |
_c21776 _d21748 |
||